Multi-Word Capitals of the World Quiz Stats

 Plays Quiz Updated Feb 8, 2017

Support Sporcle.
Go Orange.
Score 0/26 Timer 06:00
8 Plays Today
Capital % Correct
Mexico City
88.5%
Panama City
77.3%
Vatican City
75.7%
Guatemala City
75%
Buenos Aires
74%
New Delhi
68.5%
Kuwait City
64%
Andorra la Vella
63.4%
San Salvador
62.1%
San Marino
60.6%
La Paz
59.9%
Addis Ababa
59.9%
San José
58.8%
Capital % Correct
Santo Domingo
58.2%
Port of Spain
57%
Kuala Lumpur
55.9%
Port Moresby
55.8%
Saint John's
55.3%
Abu Dhabi
52.3%
Saint George's
51.2%
Phnom Penh
48.8%
São Tomé
48.2%
Port Louis
44.6%
Bandar Seri Begawan
44.2%
Port Vila
40.9%
Sri Jayawardenepura Kotte
34.4%

From the Vault

Concentration Click-a-Pic: Sports

by Hejman

Sports 2m
Pretty sure this requires less concentration than the sports they're playing.
Remove Ads.
Support Sporcle.
Get the best of Sporcle when you Go Orange. This ad-free experience offers more features, more stats, and more fun while also helping to support Sporcle. Thank you for becoming a member.

Show Comments

Extras

Top Quizzes Today


Score Distribution

Your Account Isn't Verified!

In order to create a playlist on Sporcle, you need to verify the email address you used during registration. Go to your Sporcle Settings to finish the process.

Report this User

Report this user for behavior that violates our Community Guidelines.

Details: